| 000 | 00520nam a2200205Ia 4500 | ||
|---|---|---|---|
| 003 | GCL | ||
| 008 | 140319s9999 xx 000 0 eng d | ||
| 020 | _a055310953 | ||
| 040 |
_aGCL / _cGCL |
||
| 082 | 0 | 4 |
_a523.1 _bH B |
| 100 | 1 | _aHAWKING, STEPHEN W. | |
| 245 | 1 | 0 |
_aA BRIEF HISTORY OF TIME / _cHAWKING, STEPHEN W. |
| 250 | _a10th | ||
| 260 |
_aنيويورك : _bBANTAM BOOKS ، _c1988 |
||
| 300 |
_a213 P _bILL. ؛ _c22 cm. |
||
| 650 | 0 | 4 | _aASTRONOMY |
| 650 | 0 | 4 | _aCOSMOLOGY |
| 650 | 0 | 4 | _aSTARS |
| 942 |
_2ddc _cBK |
||
| 999 |
_c7301 _d7301 |
||